000 00342nam a2200157Ia 4500
003 Ost
005 20260225132547.0
008 260225s9999||||xx |||||||||||||| ||und||
040 _cfsic
041 _afre
082 _a440
100 _aGunter Wallraff
_eAuteur
245 0 _aTete de turc /
245 0 _cGunter Wallraff
942 _cكتاب
999 _c33905
_d33905